Ukradené dětství
| Titel: | Ukradené dětství / Jake Fersztand ; přeložila Jana Zoubková |
|---|---|
| Verfasser: | |
| Ausgabe: | První vydání v češtině |
| Veröffentlicht: | [Praha] : OIKOYMENH, [2017] |
| Umfang: | 45 Seiten : Illustrationen ; 22 cm |
| Format: | Buch |
| Sprache: | Tschechisch |
| Schriftenreihe/ mehrbändiges Werk: |
"Žiji se svou minulostí" ; sešit 4 alle Bände anzeigen
|
| Einheitssachtitel: | Eine gestohlene Kindheit |
| Hinweise zum Inhalt: |
Inhaltsverzeichnis
|
X
alg: 42540267 001A $06000:01-02-18 001B $01999:13-08-18 $t13:35:02.000 001C $06000:01-02-18 $t22:36:48.000 001D $06000:01-02-18 001U $0utf8 001X $00 002@ $0AFx 002C $aText $btxt $2rdacontent 002D $aohne Hilfsmittel zu benutzen $bn $2rdamedia 002E $aBand $bnc $2rdacarrier 003@ $0425402673 004A $fBroschur 006G $01151049875 006H $0TOCNEUA1805 $2DNB 006U $018,A05 $f20180122 007A $01151049875 $aDNB 009P $qapplication/pdf $A2 $3Inhaltsverzeichnis $uhttp://d-nb.info/1151049875/04 $mB:DE-101 010@ $acze $cger 010E $erda 011@ $a2017 $n[2017] 013D $RAutobiografische Literatur $RBiografie $RErlebnisbericht $RQuelle $RTagebuch $#Autobiography $#Autobiographie $#Autobiographies $#Autobiographies $#Autobiographie $#Autobiographisches Erzählen $#Autobiografisches Erzählen $#Erinnerungen Formschlagwort $#Lebenserinnerungen $#Memoiren $#Selbstbiographie $#Selbstbiografie $#Autobiographik $#Autobiografik $74003939-0 $8Autobiografie [Ts1] $9085002275 013D $RQuelle $RBericht $RTagebuch $#Personal narratives $#Récits personnels $#Augenzeugenbericht Formschlagwort $#Eindrücke Formschlagwort $#Erlebnisgeschichte $#Reportage Formschlagwort $#Erfahrungsbericht $#Persönlicher Bericht $74133254-4 $8Erlebnisbericht [Ts1] $9085482919 017A $asf 021A $aUkradené dětství $hJake Fersztand ; přeložila Jana Zoubková 022A $aEine @gestohlene Kindheit 028A $BVerfasser $#Fersztand, Jakob $4aut $71012086216 $8Fersztand, Jake$Z1931- [Tp1] $9264580397 032@ $aPrvní vydání v češtině 033A $p[Praha] $nOIKOYMENH 034D $a45 Seiten 034I $a22 cm 034M $aIllustrationen 036C $a"Žiji se svou minulostí" $xsesi14 $lsešit 4 036D $xsesi14 $8"Žiji se svou minulostí" : vzpomínky těch, kdo přežili holokaust / sestavil Ivan Lefkovits ; s 15 obrazy Gerharda Richtera $9425404137 044K $qDNB $RJudenverfolgung $RNationalsozialistisches Verbrechen $RVernichtungslager $#Holocaust, Jewish (1939-1945) $#Shoah $#Holocausto judío (1939-1945) $#Endlösung $#Holocaust $#Holokaust $#Judenfrage Endlösung $#Schoah $#Shoah $#Shoʾah $#Shoa $#Drittes Reich Judenvernichtung $#Šô'ā $#Juden Vernichtung $74073091-8 $8Judenvernichtung [Ts1] $9085205818 045E $c940 045F $a940.5318092 $eDDC22ger 045F/01 $a940.5318092 045R $aGeschichte lok: 42540267 78 exp: 42540267 78 1 #EPN 201B/01 $006-07-20 $t14:38:47.000 201C/01 $006-07-20 201U/01 $0utf8 203@/01 $01114229059 208@/01 $a06-07-20 $be 209A/01 $a/ $f000 $x00 209A/01 $ab*p $x01 220C/01 $apgar 244Z/01 $#Generalgouvernement Polen $#Polska $#Rzeczpospolita Polska $#Polska Rzeczpospolita Ludowa $#Poland $#Pologne $#République Polonaise $#Generalne Gubernatorstwo w Polsce $#Polish People's Republic $#Polska Rzeczpospolita Polen $#PRL $#RP $#Polen Generalgouvernement $#Polska Generalgouvernement $#Besetzte Polnische Gebiete $#Besetztes Gebiet in Polen $#Okupowane Polskie Obszary $#Obszary Okupowane w Polsce $#Volksrepublik Polen $#Polska Rosyjska $#Republic Polen $#Respublika Pol'ša $#Pol'skaja Narodnaja Respublika $#République de Pologne $#Polen Links der Weichsel $#Polska po Lewej Stronie Wisły $#Lenkija $#Polija $#Gubernija Carstva Pol'skago $#Republik Polen $74046496-9 $8--Tg1--Polen $x01 $9085129801 247C/01 $82080>Marburg/Lahn, Herder-Institut, Forschungsbibliothek, Bibliographieportal $9336309341
| LEADER | 00000cam a22000002cb4500 | ||
|---|---|---|---|
| 001 | 425402673 | ||
| 003 | DE-603 | ||
| 005 | 20180813133502.0 | ||
| 007 | tu | ||
| 008 | 180201s2017 xx |||| | u00||u|cze | ||
| 015 | |a 18,A05 |2 dnb | ||
| 016 | 7 | |2 DE-101 |a 1151049875 | |
| 035 | |a (DE-599)DNB1151049875 | ||
| 040 | |a DE-603 |b ger |c DE-603 |d DE-603 |e rda | ||
| 041 | |a cze |h ger | ||
| 082 | 0 | 4 | |8 1\u |a 940.5318092 |q DE-101 |2 22/ger |
| 084 | |a 940 |q DE-101 |2 sdnb | ||
| 085 | |8 1\u |b 940.5318092 | ||
| 090 | |a b | ||
| 100 | 1 | |a Fersztand, Jake |d 1931- |e Verfasser |4 aut |0 (DE-603)264580397 |0 (DE-588)1012086216 |2 gnd | |
| 240 | 1 | 0 | |a Eine gestohlene Kindheit |
| 245 | 0 | 0 | |a Ukradené dětství |c Jake Fersztand ; přeložila Jana Zoubková |
| 250 | |a První vydání v češtině | ||
| 264 | 1 | |a [Praha] |b OIKOYMENH |c [2017] | |
| 300 | |a 45 Seiten |b Illustrationen |c 22 cm | ||
| 336 | |a Text |b txt |2 rdacontent | ||
| 337 | |a ohne Hilfsmittel zu benutzen |b n |2 rdamedia | ||
| 338 | |a Band |b nc |2 rdacarrier | ||
| 490 | 1 | |a "Žiji se svou minulostí" |v sešit 4 | |
| 648 | 7 | |a Geschichte |2 gnd | |
| 650 | 7 | |a Judenvernichtung |0 (DE-588)4073091-8 |0 (DE-603)085205818 |2 gnd | |
| 655 | 7 | |a Autobiografie |2 gnd-content |0 (DE-588)4003939-0 |0 (DE-603)085002275 | |
| 655 | 7 | |a Erlebnisbericht |2 gnd-content |0 (DE-588)4133254-4 |0 (DE-603)085482919 | |
| 830 | 0 | |a "Žiji se svou minulostí" |v sešit 4 |w (DE-603)425404137 |9 sesi14 |7 am | |
| 856 | 4 | 2 | |m B:DE-101 |q application/pdf |u http://d-nb.info/1151049875/04 |3 Inhaltsverzeichnis |
| 924 | 0 | |9 2080 |a (DE-603)1114229059 |b DE-2080 |c HES |d d |g / | |
alle Bände anzeigen

